[Event "Elitzur Int Online"]
[Site "Chess.com INT"]
[Date "2020.11.01"]
[Round "4"]
[White "Keleberda, Timur"]
[Black "Farafonov, Yuriy"]
[Result "1-0"]
[WhiteElo "1994"]
[BlackElo "1631"]
[PlyCount "63"]
[EventDate "2020.11.01"]
[EventType "swiss (blitz)"]
[EventRounds "11"]
[EventCountry "ISR"]
[SourceTitle "CBM 199 Extra"]
[Source "ChessBase"]
[SourceDate "2021.01.31"]
[SourceVersion "1"]
[SourceVersionDate "2021.01.31"]
[SourceQuality "1"]

1. e4 e6 2. d3 d5 3. Nd2 Nc6 4. Ngf3 dxe4 5. dxe4 g6 6. c3 Bg7 7. Qc2 Nge7 8. g3 0-0 9. Bg2 f5 10. 0-0 fxe4 11. Nxe4 Qe8 12. Re1 Nd5 13. Bg5 h6 14. Bd2 Kh7 15. Rad1 Bd7 16. h4 Nce7 17. h5 Nf5 18. g4 Nfe7 19. Nh4 Nf4 20. Bxf4 Rxf4 21. Nxg6 Nxg6 22. Ng3 e5 23. Be4 Bxg4 24. Bxg6+ Kh8 25. Bxe8 Rxe8 26. Qg6 Ref8 27. Rd2 Bf5 28. Nxf5 R4xf5 29. Kf1 c6 30. Rd7 Rxf2+ 31. Kg1 Bf6 32. Qh7# 1-0

[Event "Eljanov Memorial 6th"]
[Site "Chess.com INT"]
[Date "2020.10.29"]
[Round "3"]
[White "Farafonov, Yuriy"]
[Black "Olshtynsky, Oleksiy"]
[Result "1-0"]
[WhiteElo "1631"]
[BlackElo "1369"]
[PlyCount "75"]
[EventDate "2020.10.29"]
[EventType "swiss (blitz)"]
[EventRounds "9"]
[EventCountry "UKR"]
[SourceTitle "CBM 199 Extra"]
[Source "ChessBase"]
[SourceDate "2021.01.31"]
[SourceVersion "1"]
[SourceVersionDate "2021.01.31"]
[SourceQuality "1"]

1. e4 c5 2. Ne2 d6 3. d3 Nc6 4. g3 Nf6 5. Bg2 g6 6. 0-0 Bg7 7. Be3 0-0 8. c3 Ng4 9. Bg5 h6 10. Bd2 Kh7 11. h3 Nf6 12. Na3 d5 13. exd5 Nxd5 14. Nc2 Nf6 15. Be3 Be6 16. Kh2 Bd5 17. f3 b6 18. c4 Be6 19. Nf4 Bd7 20. d4 cxd4 21. Nxd4 Nxd4 22. Bxd4 Re8 23. Nd5 Bc6 24. Bxf6 exf6 25. f4 f5 26. Rb1 Qd6 27. b3 Rad8 28. Qc2 Qc5 29. Rbd1 Bxd5 30. Bxd5 Qe3 31. Rd2 Qc5 32. Rfd1 Re3 33. Rd3 Rxd3 34. Qxd3 Re8 35. Rd2 Re3 36. Qf1 Re7 37. h4 Qe3 38. Rf2 1-0